Sports Quiz

Random Sports or Basketball Quiz
Score 0/64 Timer 13:00
0 Plays Today
Year Player % Correct
1986-87Michael Jordan
98.9%
1987-88Michael Jordan
98.9%
1988-89Michael Jordan
98.9%
1989-90Michael Jordan
98.9%
1990-91Michael Jordan
98.9%
1991-92Michael Jordan
98.9%
1992-93Michael Jordan
98.9%
1995-96Michael Jordan
98.9%
1996-97Michael Jordan
98.9%
1997-98Michael Jordan
98.9%
2007-08Lebron James
98.5%
2005-06Kobe Bryant
98.2%
2006-07Kobe Bryant
98.2%
2009-10Kevin Durant
96.7%
1994-95Shaquille O'Neal
96.4%
1999-00Shaquille O'Neal
96.4%
2008-09Dwyane Wade
96%
1998-99Allen Iverson
95.6%
2000-01Allen Iverson
95.6%
2001-02Allen Iverson
95.6%
2004-05Allen Iverson
95.6%
1959-60Wilt Chamberlain
95.3%
1960-61Wilt Chamberlain
95.3%
1961-62Wilt Chamberlain
95.3%
1962-63Wilt Chamberlain
95.3%
1963-64Wilt Chamberlain
95.3%
1964-65Wilt Chamberlain
95.3%
1965-66Wilt Chamberlain
95.3%
1993-94David Robinson
93.5%
1971-72Kareem Abdul-Jabbar
87.6%
2002-03Tracy McGrady
85.8%
2003-04Tracy McGrady
85.8%
Year Player % Correct
1985-86Dominique Wilkins
84.4%
1977-78George Gervin
81.1%
1978-79George Gervin
81.1%
1979-80George Gervin
81.1%
1981-82George Gervin
81.1%
1969-70Jerry West
80.7%
1982-83Alex English
66.9%
1948-49George Mikan
65.8%
1949-50George Mikan
65.8%
1950-51George Mikan
65.8%
1984-85Bernard King
61.1%
1976-77Pete Maravich
59.6%
1973-74Bob McAdoo
57.1%
1974-75Bob McAdoo
57.1%
1975-76Bob McAdoo
57.1%
1980-81Adrian Dantley
53.5%
1983-84Adrian Dantley
53.5%
1968-69Elvin Hayes
51.3%
1966-67Rick Barry
50.9%
1972-73Nate Archibald
35.3%
1970-71Lew Alcindor
34.5%
1967-68Dave Bing
33.8%
1951-52Paul Arizin
30.5%
1956-57Paul Arizin
30.5%
1955-56Bob Pettitt
26.2%
1958-59Bob Pettitt
26.2%
1952-53Neil Johnston
16.7%
1953-54Neil Johnston
16.7%
1954-55Neil Johnston
16.7%
1946-47Joe Fulks
12.4%
1957-58George Yardley
9.1%
1947-48Max Zaslofsky
2.9%
Come Together.
Have Fun.
All Virtual.
We all need to come together. Play Sporcle's virtual live trivia to have fun, connect with people, and get your trivia on. Join a live hosted trivia game for your favorite pub trivia experience done virtually. If a virtual private party is more your thing, go here for details.

You're not logged in!

Compare scores with friends on all Sporcle quizzes.
OR
Log In

Sporcle TV

Today on Sporcle TV


Watch our educational content, quiz creation guides, and fun videos on Sporcle TV.

Show Comments

Extras

Top Quizzes Today


Score Distribution

Paid Content

Your Account Isn't Verified!

In order to create a playlist on Sporcle, you need to verify the email address you used during registration. Go to your Sporcle Settings to finish the process.

Report this User

Report this user for behavior that violates our Community Guidelines.

Details: